Managing academic support services in universities : (Record no. 118175)
[ view plain ]
| 000 -LEADER | |
|---|---|
| fixed length control field | 00646nam a2200181Ia 4500 |
| 008 - FIXED-LENGTH DATA ELEMENTS--GENERAL INFORMATION | |
| fixed length control field | 140609s9999 xx 000 0 und d |
| 020 ## - INTERNATIONAL STANDARD BOOK NUMBER | |
| International Standard Book Number | 1856045250 |
| 050 ## - LIBRARY OF CONGRESS CALL NUMBER | |
| Classification number | Z 675.U5 |
| Item number | .M3284 2005 |
| 245 ## - TITLE STATEMENT | |
| Title | Managing academic support services in universities : |
| Remainder of title | the convergence experience / |
| Statement of responsibility, etc | edited by Terry Hanson |
| 260 ## - PUBLICATION, DISTRIBUTION, ETC. (IMPRINT) | |
| Place of publication, distribution, etc | London : |
| Name of publisher, distributor, etc | Facet, |
| Date of publication, distribution, etc | c2005. |
| 300 ## - PHYSICAL DESCRIPTION | |
| Extent | 216 p. ; |
| Dimensions | 24 cm. |
| 500 ## - GENERAL NOTE | |
| General note | Includes bibliographical references and index. |
| 521 ## - TARGET AUDIENCE NOTE | |
| Target audience note | |
| 650 ## - SUBJECT ADDED ENTRY--TOPICAL TERM | |
| Topical term or geographic name as entry element | Electronic data processing departments |
| General subdivision | Administration. |
| 650 ## - SUBJECT ADDED ENTRY--TOPICAL TERM | |
| Topical term or geographic name as entry element | Universities and colleges |
| General subdivision | Departments --Administration. |
| 942 ## - ADDED ENTRY ELEMENTS (KOHA) | |
| Call number prefix | Foreign |
| Koha item type | Books |
| Withdrawn status | Lost status | Damaged status | Home library | Current library | Shelving location | Date acquired | Cost, normal purchase price | Total Checkouts | Full call number | Barcode | Date last seen | Price effective from | Koha item type |
|---|---|---|---|---|---|---|---|---|---|---|---|---|---|
| College Library | College Library | General Circulation Section | 06/09/2014 | 6600.00 | Z 675.U5 .M3284 2005 | C18463 | 05/15/2018 | 06/09/2014 | Books |